Normal view MARC view

Entry Personal Name

Number of records used in: 1

001 - CONTROL NUMBER

  • control field: 59415

003 - CONTROL NUMBER IDENTIFIER

  • control field: OSt

005 - DATE AND TIME OF LATEST TRANSACTION

  • control field: 20260223124056.0

008 - FIXED-LENGTH DATA ELEMENTS

  • fixed length control field: 260223|| aca||aabn | a|a d

040 ## - CATALOGING SOURCE

  • Original cataloging agency: OSt
  • Transcribing agency: OSt

100 ## - HEADING--PERSONAL NAME

  • Personal name: Asikullah, F., Chakma, P. Hossain, S.F.A. and Hussain, K.

670 ## - SOURCE DATA FOUND

  • Source citation: Work cat.: (OSt)528042: Asikullah, F., Chakma, P. Hossain, S.F.A. and Hussain, K. , Evaluating employee motivation and productivity in Bangladesh during the post-pandemic era

Powered by Koha